Catalunya / [autors: Manuel Ibáñez Escofet, Josep M. Ainaud de Lasarte, Armand Carabén Ribó] Manuel Ibáñez Escofet, Josep M. Ainaud de Lasarte, Armand Carabén Ribó]
Descripción Física:
94 p. : principalment il., col. ; 26 cm
Otros Autores:
Ainaud de Lasarte, Josep M.
,
Carabén i Ribó, Armand
,
Catalunya. Departament de Comerç i Turisme
Materias:
Catalunya -- Descripcions i viatges
MARC
| LEADER | 00000nam a2200000Ia 4500 | ||
|---|---|---|---|
| 001 | 618 | ||
| 008 | 160829s1982 xx 000 0 cat d | ||
| 080 | |a H-1-45 | ||
| 100 | |a Ibáñez Escofet, Manuel |9 34958 | ||
| 245 | |a Catalunya / [autors: |b Manuel Ibáñez Escofet, Josep M. Ainaud de Lasarte, Armand Carabén Ribó] | ||
| 260 | |a Barcelona : |b Departament de Comerç i Turisme de la Generalitat de Catalunya, |c 1982 | ||
| 300 | |a 94 p. : |b principalment il., col. ; |c 26 cm | ||
| 651 | 0 | |a Catalunya |x Descripcions i viatges |9 54165 | |
| 700 | |a Ainaud de Lasarte, Josep M. |9 26980 | ||
| 700 | |a Carabén i Ribó, Armand |9 34959 | ||
| 700 | |a Catalunya. Departament de Comerç i Turisme |9 34883 | ||
| 901 | |a Arxiu | ||
| 942 | |n 1 | ||
| 952 | |0 0 |1 0 |4 0 |6 H145 |7 1 |9 46708 |a Arxiu |b Arxiu |d 2016-12-01 |l 0 |o H-1-45 |p 618 |r 2016-12-01 00:00:00 |w 2016-12-01 |y ARXIU | ||
| 999 | |c 50501 |d 50501 | ||